|
|
|
|
| LEADER |
00000nab a2200000 a 4500 |
| 001 |
vtls001512301 |
| 003 |
SK-MaSNL |
| 005 |
20260304144721.0 |
| 008 |
250505s2003 xo 000 0 slo |
| 035 |
|
|
|a SPKCL14628
|
| 035 |
|
|
|a urn:nbn:sk:snk-ab6zcz
|
| 035 |
|
|
|a (uuid)36fe2f56-d480-44be-b52c-8b3b137923b9
|
| 035 |
|
|
|a (urnnbn)urn:nbn:sk:snk:ar-a06cdj
|
| 035 |
|
|
|a (sysno)vtls001512301
|
| 040 |
|
|
|a SNKBUCL
|b slo
|c SNKBUCL
|e AACR2
|
| 041 |
0 |
|
|a slo
|
| 044 |
|
|
|a xo
|c SK
|
| 080 |
|
|
|a 74-053.2:159.946.4
|2 1981
|
| 100 |
1 |
|
|a Vodičková, Barbora,
|d 1971-
|4 aut
|9 223017
|
| 245 |
1 |
0 |
|a "Zlatý vek" detskej kresby
|c Barbora Vodičková
|
| 650 |
0 |
7 |
|a kreslenie
|2 snkbucl
|9 1239
|
| 650 |
0 |
7 |
|a deti
|2 snkbucl
|9 773
|
| 773 |
0 |
|
|t Dieťa nielen pre rodičov
|g Roč. 9, č. 2 (2003) s. 34-35
|
| 850 |
|
|
|a Slovenská národná knižnica
|
| 852 |
|
|
|a Slovenská národná knižnica
|
| 954 |
|
|
|a odborná, vedecká literatúra pôvodná (slovenská)
|2 lita
|
| 958 |
|
|
|a article27
|
| 958 |
|
|
|a OND
|
| 958 |
|
|
|a EUIPO
|
| 999 |
|
|
|c 2932849
|d 2934779
|